| 000 | 00911nam a2200217Ia 4500 | ||
|---|---|---|---|
| 999 |
_c38109 _d38109 |
||
| 001 | 4097 | ||
| 003 | GE_BSU | ||
| 005 | 20190925123620.0 | ||
| 008 | 181216s1973||||ge |||||||||||||| ||geo|| | ||
| 040 | _cGE_BSU | ||
| 041 | _ageo | ||
| 080 | _a39(479.22) ე–41 | ||
| 245 |
_aეთნოგრაფიული წერილები სვანეთზე / _cშემდგ. ვ. ავალიანი, გ. ზურაბიანი. რედ. ე. უბილავა. |
||
| 264 |
_aთბ. : _bსაბჭ. საქართველო, _c1973. |
||
| 300 |
_a197 გვ. _b16 სმ. |
||
| 541 | _h2 ლ. | ||
| 653 | _aსვანების ეთნოგრაფია | ||
| 700 |
_aავალიანი, გიორგი _eშემდგენელი _93906 |
||
| 700 |
_aზურაბიანი, გიორგი _eავტორი _94317 |
||
| 942 |
_cBK _2udc |
||